[Event "Paracin Orbis IM 4th"]
[Site "Paracin"]
[Date "2019.12.13"]
[Round "5"]
[White "Kim, Jinsoo"]
[Black "Abramovic, Bosko"]
[Result "1/2-1/2"]
[WhiteElo "2157"]
[BlackElo "2348"]
[PlyCount "99"]
[EventDate "2019.12.10"]
[EventType "tourn"]
[EventRounds "9"]
[EventCountry "SRB"]
[EventCategory "1"]
[SourceTitle "CBM 193 Extra"]
[Source "ChessBase"]
[SourceDate "2020.01.31"]
[SourceVersion "1"]
[SourceVersionDate "2020.01.31"]
[SourceQuality "1"]

1. e4 e5 2. Nf3 Nc6 3. Bb5 a6 4. Ba4 d6 5. c3 Bd7 6. d4 Nf6 7. Qe2 Be7 8. 0-0 0-0 9. Bb3 h6 10. Rd1 Re8 11. Nbd2 Bf8 12. dxe5 Nxe5 13. Nxe5 Rxe5 14. Bc2 Re8 15. Nf1 g6 16. Ng3 Bg7 17. Be3 Bc6 18. Qd2 Ng4 19. Bd4 Qh4 20. h3 Ne5 21. b3 d5 22. Re1 Rad8 23. Qe3 dxe4 24. Bxe4 Bxe4 25. Qxe4 Qxe4 26. Rxe4 f5 27. Re2 Nf7 28. Rxe8+ Rxe8 29. Bxg7 Kxg7 30. Kf1 Nd6 31. Re1 Rxe1+ 32. Kxe1 f4 33. Ne2 g5 34. f3 Kf6 35. h4 Nf5 36. hxg5+ hxg5 37. Kf2 b5 38. g3 fxg3+ 39. Nxg3 Nd6 40. Ke3 Ke5 41. Ne2 Nf5+ 42. Kf2 c5 43. Ng3 Nd6 44. Ne2 c4 45. b4 Nf5 46. Ng3 Ne7 47. Ne2 Nd5 48. Ke1 Nf6 49. Kd2 Nd5 50. Ke1 1/2-1/2

[Event "Paracin Orbis IM 3rd"]
[Site "Paracin"]
[Date "2019.12.08"]
[Round "8"]
[White "Kim, Jinsoo"]
[Black "Salonika, Saina"]
[Result "1/2-1/2"]
[WhiteElo "2157"]
[BlackElo "2074"]
[PlyCount "111"]
[EventDate "2019.12.03"]
[EventType "tourn"]
[EventRounds "9"]
[EventCountry "SRB"]
[SourceTitle "CBM 193 Extra"]
[Source "ChessBase"]
[SourceDate "2020.01.31"]
[SourceVersion "1"]
[SourceVersionDate "2020.01.31"]
[SourceQuality "1"]

1. e4 c5 2. Nf3 d6 3. d4 cxd4 4. Nxd4 Nf6 5. Nc3 a6 6. Bg5 Nbd7 7. Qe2 h6 8. Bh4 g6 9. f4 e5 10. fxe5 dxe5 11. 0-0-0 Qc7 12. Nb3 b5 13. Rxd7 Nxd7 14. Nd5 Qb8 15. Na5 g5 16. Bg3 h5 17. h4 g4 18. Kb1 Bg7 19. Qd2 Qd6 20. Be2 0-0 21. Nc6 Kh8 22. Nce7 Nf6 23. Qg5 Nxd5 24. Qxh5+ Qh6 25. Qxh6+ Bxh6 26. exd5 Bf4 27. Bxf4 exf4 28. Nxc8 f3 29. gxf3 gxf3 30. Bxf3 Raxc8 31. c3 Rc4 32. Kc2 Rf4 33. Rh3 Kg7 34. Kd3 Kf6 35. b3 Ke5 36. h5 Rh8 37. Rg3 f6 38. Ke3 Rc8 39. Kd2 Rh8 40. Rh3 Rh7 41. a3 Rxf3 42. Rxf3 Rxh5 43. c4 bxc4 44. bxc4 Kd4 45. Rf4+ Kc5 46. Kc3 Rh3+ 47. Kb2 a5 48. Kc2 Rxa3 49. Rxf6 Kxc4 50. d6 Ra2+ 51. Kc1 Ra1+ 52. Kd2 Ra2+ 53. Ke3 Ra3+ 54. Ke4 Rd3 55. Ke5 Kc5 56. Ke4 1/2-1/2

[Event "Paracin Orbis IM 3rd"]
[Site "Paracin"]
[Date "2019.12.07"]
[Round "6"]
[White "Kim, Jinsoo"]
[Black "Milanovic, Slavisa"]
[Result "1/2-1/2"]
[WhiteElo "2157"]
[BlackElo "2360"]
[PlyCount "96"]
[EventDate "2019.12.03"]
[EventType "tourn"]
[EventRounds "9"]
[EventCountry "SRB"]
[SourceTitle "CBM 193 Extra"]
[Source "ChessBase"]
[SourceDate "2020.01.31"]
[SourceVersion "1"]
[SourceVersionDate "2020.01.31"]
[SourceQuality "1"]

1. e4 e6 2. d4 d5 3. Nc3 Bb4 4. e5 c5 5. a3 Ba5 6. b4 cxd4 7. Nb5 Bc7 8. f4 Bd7 9. Nxc7+ Qxc7 10. Nf3 Ne7 11. Bd3 Nbc6 12. 0-0 Nf5 13. Qe1 Qb6 14. Qf2 a6 15. Bb2 Rc8 16. Rfe1 g6 17. h3 h5 18. Ra2 Kf8 19. Raa1 Kg7 20. Bxf5 gxf5 21. Nxd4 Nxd4 22. Bxd4 Qd8 23. Bb6 Qg8 24. Re3 h4 25. Bc5 Qd8 26. Kh1 Rh6 27. Rg1 d4 28. Rd3 Bc6 29. Rxd4 Qe8 30. Kh2 Be4 31. Rd2 Rd8 32. Rgd1 Rxd2 33. Rxd2 Bd5 34. Bd6 Kh7 35. Rd3 Qd8 36. g4 hxg3+ 37. Rxg3 Qh4 38. Bf8 Rg6 39. Bc5 Qh5 40. Be7 Qd1 41. Rxg6 Qh1+ 42. Kg3 fxg6 43. a4 Qd1 44. Kh2 Qh1+ 45. Kg3 Qd1 46. Bf6 Be4 47. c3 Kg8 48. Kh2 Qd3 1/2-1/2

[Event "Paracin Orbis IM 3rd"]
[Site "Paracin"]
[Date "2019.12.07"]
[Round "7"]
[White "Srihari, LR."]
[Black "Kim, Jinsoo"]
[Result "1/2-1/2"]
[WhiteElo "2271"]
[BlackElo "2157"]
[PlyCount "85"]
[EventDate "2019.12.03"]
[EventType "tourn"]
[EventRounds "9"]
[EventCountry "SRB"]
[SourceTitle "CBM 193 Extra"]
[Source "ChessBase"]
[SourceDate "2020.01.31"]
[SourceVersion "1"]
[SourceVersionDate "2020.01.31"]
[SourceQuality "1"]

1. Nf3 Nf6 2. c4 e6 3. b3 d5 4. Bb2 Be7 5. g3 0-0 6. Bg2 c5 7. 0-0 Nc6 8. e3 b6 9. Qe2 Ba6 10. d3 Qd7 11. Nc3 Rad8 12. Rfd1 Rfe8 13. Nb5 Bxb5 14. cxb5 Na5 15. d4 c4 16. bxc4 Nxc4 17. a4 Ne4 18. Ne5 Nxe5 19. dxe5 Qb7 20. Bd4 Bb4 21. Rac1 Rc8 22. Bxe4 dxe4 23. Rc4 Rxc4 24. Qxc4 Ba3 25. Qc3 Be7 26. Rc1 g6 27. Qc7 Rb8 28. Kf1 Bd8 29. Qxb7 Rxb7 30. Rc8 Rd7 31. Ke2 Kf8 32. Bb2 Ke8 33. Rc4 Rc7 34. Rxc7 Bxc7 35. Kd2 Kf8 36. Kc2 Kg7 37. Kb3 Kh6 38. Kc4 Kg5 39. h3 h5 40. Kd4 Kf5 41. g4+ Kg5 42. Kxe4 Kh4 43. f4 1/2-1/2

[Event "Paracin Orbis IM 3rd"]
[Site "Paracin"]
[Date "2019.12.05"]
[Round "4"]
[White "Kim, Jinsoo"]
[Black "Ostojic, Nikola"]
[Result "0-1"]
[WhiteElo "2157"]
[BlackElo "2423"]
[PlyCount "112"]
[EventDate "2019.12.03"]
[EventType "tourn"]
[EventRounds "9"]
[EventCountry "SRB"]
[SourceTitle "CBM 193 Extra"]
[Source "ChessBase"]
[SourceDate "2020.01.31"]
[SourceVersion "1"]
[SourceVersionDate "2020.01.31"]
[SourceQuality "1"]

1. e4 c6 2. d4 d5 3. exd5 cxd5 4. c4 Nf6 5. Nc3 e6 6. c5 Nc6 7. Bb5 Ne4 8. Qc2 Nxc3 9. Qxc3 e5 10. dxe5 d4 11. Qc4 Be6 12. Qa4 Qd5 13. Nf3 Bxc5 14. 0-0 0-0 15. Bf4 Rac8 16. Rac1 Bb6 17. a3 Bg4 18. Bxc6 bxc6 19. Nd2 c5 20. Rfe1 Rc6 21. Ne4 c4 22. h3 Bd7 23. Qd1 Rg6 24. Qf3 Bc6 25. h4 Re6 26. Qg3 Kh8 27. Ng5 Ree8 28. e6 fxe6 29. Re5 Qd7 30. Rxc4 h6 31. Nh3 d3 32. Rc1 Ba4 33. Bd2 Rf6 34. Rc4 Ref8 35. Rf4 Bc7 36. Rxf6 Rxf6 37. f4 Bxe5 38. fxe5 Rf5 39. Nf4 Bb5 40. Qe3 Kg8 41. Qc5 Ba6 42. Ng6 Rf7 43. b4 Qc7 44. Qd4 Qb6 45. Qxb6 axb6 46. Nf4 Bc4 47. a4 Rf5 48. Ng6 Kf7 49. Nh8+ Ke8 50. Ng6 Kd7 51. a5 bxa5 52. bxa5 Rf7 53. Nf4 Kc6 54. g4 Kc5 55. a6 Kd4 56. a7 Rxa7 0-1

[Event "Paracin Orbis IM 3rd"]
[Site "Paracin"]
[Date "2019.12.04"]
[Round "2"]
[White "Kim, Jinsoo"]
[Black "Vujcic, Milena"]
[Result "1-0"]
[WhiteElo "2157"]
[BlackElo "2079"]
[PlyCount "121"]
[EventDate "2019.12.03"]
[EventType "tourn"]
[EventRounds "9"]
[EventCountry "SRB"]
[SourceTitle "CBM 193 Extra"]
[Source "ChessBase"]
[SourceDate "2020.01.31"]
[SourceVersion "1"]
[SourceVersionDate "2020.01.31"]
[SourceQuality "1"]

1. e4 e5 2. Nf3 Nc6 3. Bb5 a6 4. Ba4 Nf6 5. Qe2 b5 6. Bb3 Be7 7. a4 b4 8. d4 d5 9. Bg5 Nxe4 10. Bxe7 Nxe7 11. Nxe5 0-0 12. 0-0 a5 13. Re1 Ba6 14. Qf3 Bb7 15. c3 Ra6 16. Qd1 Ng6 17. f3 Ng5 18. Nd2 Nf4 19. Nf1 h5 20. Kh1 bxc3 21. bxc3 h4 22. Qd2 Ng6 23. Bc2 Nxe5 24. Rxe5 f6 25. Re3 Re8 26. Rae1 Rxe3 27. Nxe3 Re6 28. Bf5 Re7 29. Bg6 h3 30. Nf5 Rxe1+ 31. Qxe1 Bc8 32. Qe7 Qf8 33. Qxc7 Bxf5 34. Bxf5 Qa3 35. Qd8+ Kf7 36. Qxd5+ Ke8 37. Qg8+ Ke7 38. Qxg7+ Nf7 39. gxh3 Qxc3 40. Qg3 Qxd4 41. Qc7+ Kf8 42. Qxa5 Qf2 43. Qb4+ Kg7 44. Qg4+ Kf8 45. Qg2 Qe1+ 46. Qg1 Qa5 47. Bc2 Ng5 48. Qe3 Qc7 49. Bb3 Qc6 50. h4 Nxf3 51. Qh6+ Ke8 52. Qh5+ Ke7 53. Qf7+ Kd8 54. Qd5+ Qxd5 55. Bxd5 Nxh4 56. a5 Kc7 57. Kg1 Ng6 58. Kf2 Ne7 59. Be4 Kb8 60. h4 Ka7 61. Bd3 1-0

[Event "Prague Summer op-A 6th"]
[Site "Prague"]
[Date "2019.08.05"]
[Round "5"]
[White "Kim, Jinsoo"]
[Black "Sorm, Daniel"]
[Result "0-1"]
[WhiteElo "2112"]
[BlackElo "2282"]
[PlyCount "64"]
[EventDate "2019.08.02"]
[EventType "swiss"]
[EventRounds "9"]
[EventCountry "CZE"]
[SourceTitle "CBM 191 Extra"]
[Source "ChessBase"]
[SourceDate "2019.09.30"]
[SourceVersion "1"]
[SourceVersionDate "2019.09.30"]
[SourceQuality "1"]

1. e4 c5 2. Nf3 Nc6 3. d4 cxd4 4. Nxd4 e5 5. Nb5 d6 6. N1c3 a6 7. Na3 b5 8. Nd5 Nce7 9. c4 Nxd5 10. exd5 bxc4 11. Bxc4 Nf6 12. 0-0 Be7 13. Nc2 Qc7 14. Qe2 Qb7 15. Ne3 0-0 16. b3 g6 17. f4 exf4 18. Rxf4 Nh5 19. Rf3 f5 20. h3 Qa7 21. Kh2 Re8 22. Nc2 Qd7 23. Qf2 Bf6 24. Nd4 Qg7 25. Bb2 Ra7 26. Rd1 Rae7 27. Ne6 Rxe6 28. dxe6 Bxb2 29. Kg1 Ba3 30. Qe2 Bb7 31. Bxa6 Bxf3 32. Qxf3 Qa7+ 0-1

[Event "Pardubice Czech op-A 30th"]
[Site "Pardubice"]
[Date "2019.07.26"]
[Round "8"]
[White "Haring, Viktor"]
[Black "Kim, Jinsoo"]
[Result "1-0"]
[WhiteElo "2278"]
[BlackElo "2087"]
[PlyCount "63"]
[EventDate "2019.07.19"]
[EventType "swiss"]
[EventRounds "9"]
[EventCountry "CZE"]
[SourceTitle "CBM 191"]
[Source "ChessBase"]
[SourceDate "2019.08.31"]
[SourceVersion "1"]
[SourceVersionDate "2019.08.31"]
[SourceQuality "1"]

1. e4 c5 2. Nf3 e6 3. d4 cxd4 4. Nxd4 a6 5. Nc3 Qc7 6. Bd3 Nc6 7. Nxc6 dxc6 8. 0-0 e5 9. f4 Nf6 10. f5 Bc5+ 11. Kh1 h5 12. Qe2 Ng4 13. Bg5 b5 14. a4 Bb7 15. Nd1 Qb6 16. Rf3 f6 17. Bd2 Bd4 18. Rh3 Bg1 19. Ne3 Nxe3 20. Bxe3 Bxe3 21. Rxe3 bxa4 22. Rxa4 Qxb2 23. h4 c5 24. Kh2 Bc6 25. Rxa6 Rxa6 26. Bxa6 Qd4 27. Bb5 Bxb5 28. Qxb5+ Kf7 29. Rd3 Qxe4 30. Qd7+ Kf8 31. Qd8+ Kf7 32. Rd7# 1-0

[Event "Pardubice Czech op-A 30th"]
[Site "Pardubice"]
[Date "2019.07.23"]
[Round "5"]
[White "Kim, Jinsoo"]
[Black "Dobrovoljc, Vid"]
[Result "0-1"]
[WhiteElo "2087"]
[BlackElo "2334"]
[PlyCount "120"]
[EventDate "2019.07.19"]
[EventType "swiss"]
[EventRounds "9"]
[EventCountry "CZE"]
[SourceTitle "CBM 191"]
[Source "ChessBase"]
[SourceDate "2019.08.31"]
[SourceVersion "1"]
[SourceVersionDate "2019.08.31"]
[SourceQuality "1"]

1. e4 c5 2. Nf3 d6 3. d4 cxd4 4. Nxd4 Nf6 5. Nc3 Nc6 6. Bg5 e6 7. Qd2 a6 8. 0-0-0 Be7 9. f3 Nxd4 10. Qxd4 b5 11. h4 h5 12. Kb1 Qc7 13. Qd2 Bd7 14. Ne2 a5 15. Nd4 Rb8 16. Bd3 b4 17. Rhe1 a4 18. f4 e5 19. fxe5 dxe5 20. Bxf6 Bxf6 21. Nf5 0-0 22. Ne3 Be6 23. Qe2 a3 24. Bc4 Bxc4 25. Qxc4 Qxc4 26. Nxc4 axb2 27. g3 Rfc8 28. Ne3 Be7 29. Kxb2 Bc5 30. Nd5 Rb7 31. Rd3 Bd4+ 32. Kb3 Bc3 33. Red1 Kh7 34. Ne3 Ra7 35. Nc4 Bd4 36. Nd6 Ra3+ 37. Kxb4 Bc5+ 38. Kb5 Bxd6 39. Rxd6 Rxa2 40. R1d3 Raxc2 41. Rd8 Rb2+ 42. Ka5 Rxd8 43. Rxd8 Re2 44. Kb5 Rxe4 45. Rd3 Kg6 46. Kc5 Rd4 47. Rf3 f6 48. Ra3 Rd7 49. Rf3 e4 50. Rf4 f5 51. Rf1 Rd3 52. Rg1 Kf6 53. Kc4 Ke5 54. Rg2 Rd8 55. Ra2 e3 56. Ra7 Ke4 57. Rxg7 Rc8+ 58. Kb3 e2 59. Re7+ Kf3 60. Re5 Rc1 0-1

[Event "Pardubice Czech op-A 30th"]
[Site "Pardubice"]
[Date "2019.07.21"]
[Round "3"]
[White "Kim, Jinsoo"]
[Black "Ratsma, Midas"]
[Result "1/2-1/2"]
[WhiteElo "2087"]
[BlackElo "2295"]
[PlyCount "75"]
[EventDate "2019.07.19"]
[EventType "swiss"]
[EventRounds "9"]
[EventCountry "CZE"]
[SourceTitle "CBM 191"]
[Source "ChessBase"]
[SourceDate "2019.08.31"]
[SourceVersion "1"]
[SourceVersionDate "2019.08.31"]
[SourceQuality "1"]

1. e4 c6 2. d4 d5 3. exd5 cxd5 4. c4 Nf6 5. Nc3 Nc6 6. Bg5 dxc4 7. Bxc4 h6 8. Be3 e6 9. Nf3 Be7 10. 0-0 0-0 11. Rc1 b6 12. Qe2 Bb7 13. Rfd1 Nb4 14. Bf4 Rc8 15. Ne5 Nbd5 16. Bd2 Bd6 17. Nb5 Bb8 18. a3 a6 19. Nc3 b5 20. Ba2 Ba7 21. Qd3 Nxc3 22. Bxc3 Bd5 23. Bxd5 Qxd5 24. Bb4 Rfd8 25. Be7 Re8 26. Bxf6 gxf6 27. Nxf7 Kg7 28. h4 Rxc1 29. Rxc1 Bxd4 30. Rc7 Re7 31. Rxe7 Kf8 32. Qh7 Kxe7 33. Nxh6+ Kd6 34. Qg7 Qe4 35. Qf8+ Kd7 36. Qf7+ Kd6 37. Qf8+ Kd7 38. Qf7+ 1/2-1/2

[Event "Ho Chi Minh City HD Bank op 9th"]
[Site "Ho Chi Minh City"]
[Date "2019.03.11"]
[Round "7"]
[White "Luong, Phuong Hanh"]
[Black "Kim, Jinsoo"]
[Result "1/2-1/2"]
[WhiteElo "2259"]
[BlackElo "2058"]
[PlyCount "150"]
[EventDate "2019.03.07"]
[EventType "swiss"]
[EventRounds "9"]
[EventCountry "VIE"]
[SourceTitle "CBM 189 Extra"]
[Source "ChessBase"]
[SourceDate "2019.06.03"]
[SourceVersion "1"]
[SourceVersionDate "2019.06.03"]
[SourceQuality "1"]

1. d4 Nf6 2. Nf3 d5 3. c4 c6 4. Qc2 g6 5. Bf4 Bg7 6. e3 0-0 7. Nc3 Na6 8. a3 Nc7 9. Bxc7 Qxc7 10. cxd5 cxd5 11. Bd3 a6 12. Rc1 Qd6 13. 0-0 Bd7 14. Ne5 Ng4 15. Nxg4 Bxg4 16. Qb3 Be6 17. Na4 b5 18. Nc5 Bc8 19. f4 Rb8 20. Rf2 Rd8 21. Rfc2 f6 22. Ne4 Qe6 23. Rc6 Qf7 24. Nc5 e5 25. dxe5 fxe5 26. Kh1 exf4 27. exf4 Qxf4 28. Rf1 Qe5 29. Be4 Kh8 30. Bb1 Qxb2 31. Qg3 Qe5 32. Qh4 Bf5 33. Bxf5 gxf5 34. Ne6 Rd7 35. Re1 Qb2 36. Nc5 Rf7 37. Qh5 Re7 38. Rce6 Rxe6 39. Nxe6 Qf6 40. Ng5 Qg6 41. Qxg6 hxg6 42. Re6 Bh6 43. Nf7+ Kg7 44. Ne5 g5 45. h3 g4 46. hxg4 fxg4 47. Rg6+ Kh7 48. Rxa6 b4 49. Ra7+ Bg7 50. axb4 Rxb4 51. Kh2 Re4 52. Nd3 Kg6 53. Rd7 d4 54. Rd5 Bf6 55. Kg1 g3 56. Kf1 Re3 57. Nf4+ Kf7 58. Ne2 Ke6 59. Nf4+ Kf7 60. Rd7+ Re7 61. Rd5 Re4 62. Rf5 Re8 63. Nh5 Re6 64. Nxg3 Kg6 65. Rd5 Re5 66. Rd6 Ra5 67. Ne4 Rf5+ 68. Ke2 Kf7 69. Kd3 Bg7 70. Rd7+ Kg6 71. Rd6+ Kh7 72. g4 Ra5 73. Rd7 Kg6 74. Rd8 Kh7 75. Ke2 Be5 1/2-1/2

[Event "Ho Chi Minh City HD Bank op 9th"]
[Site "Ho Chi Minh City"]
[Date "2019.03.10"]
[Round "6"]
[White "Kim, Jinsoo"]
[Black "Ilamparthi, AR."]
[Result "1-0"]
[WhiteElo "2058"]
[BlackElo "2177"]
[PlyCount "143"]
[EventDate "2019.03.07"]
[EventType "swiss"]
[EventRounds "9"]
[EventCountry "VIE"]
[SourceTitle "CBM 189 Extra"]
[Source "ChessBase"]
[SourceDate "2019.06.03"]
[SourceVersion "1"]
[SourceVersionDate "2019.06.03"]
[SourceQuality "1"]

1. e4 c5 2. Nf3 d6 3. d4 cxd4 4. Nxd4 Nf6 5. Nc3 g6 6. Be3 Bg7 7. f3 0-0 8. Qd2 Nc6 9. 0-0-0 d5 10. Qe1 e5 11. Nxc6 bxc6 12. exd5 Nxd5 13. Bc4 Be6 14. Kb1 Rb8 15. Ne4 Qc7 16. Bc5 Rfd8 17. g4 Qb7 18. b3 Nf4 19. Bxe6 Nxe6 20. Bd6 Rbc8 21. Qh4 h6 22. Nf6+ Kh8 23. Bxe5 Qb5 24. Bb2 c5 25. Rxd8+ Rxd8 26. Ne4 Kg8 27. Bxg7 Kxg7 28. Qf6+ Kg8 29. h4 Qe2 30. h5 Rd1+ 31. Rxd1 Qxd1+ 32. Kb2 Nd4 33. hxg6 Qxc2+ 34. Ka3 fxg6 35. Qxg6+ Kf8 36. Qxh6+ Ke8 37. Qg6+ Kf8 38. Qd6+ Ke8 39. Qb8+ Kd7 40. Qxa7+ Kc6 41. Qa6+ Kd7 42. Qd6+ Ke8 43. Qe5+ Kd8 44. Qxc5 Qd3 45. Qf8+ Kc7 46. Qe7+ Kb6 47. Qc5+ Ka6 48. Qc4+ Qxc4 49. bxc4 Nxf3 50. g5 Ne5 51. Kb4 Kb6 52. a3 Nc6+ 53. Kc3 Ne7 54. Nf6 Kc5 55. a4 Ng6 56. Ne4+ Kc6 57. Kd4 Kb6 58. Kd5 Ka5 59. Kd6 Kxa4 60. c5 Kb5 61. c6 Kb6 62. c7 Kb7 63. Nc5+ Kc8 64. Nd7 Kb7 65. Nb6 Kxb6 66. c8Q Ka5 67. Qc3+ Kb5 68. Qd3+ Ka5 69. Qxg6 Kb6 70. Qb1+ Ka5 71. Kc5 Ka4 72. Qb4# 1-0

[Event "Ho Chi Minh City HD Bank op 9th"]
[Site "Ho Chi Minh City"]
[Date "2019.03.10"]
[Round "5"]
[White "Nguyen, Thi Mai Hung"]
[Black "Kim, Jinsoo"]
[Result "1-0"]
[WhiteElo "2295"]
[BlackElo "2058"]
[PlyCount "79"]
[EventDate "2019.03.07"]
[EventType "swiss"]
[EventRounds "9"]
[EventCountry "VIE"]
[SourceTitle "CBM 189 Extra"]
[Source "ChessBase"]
[SourceDate "2019.06.03"]
[SourceVersion "1"]
[SourceVersionDate "2019.06.03"]
[SourceQuality "1"]

1. d4 Nf6 2. Nf3 d5 3. g3 Bf5 4. Bg2 e6 5. 0-0 Bd6 6. c4 c6 7. Nc3 Nbd7 8. Nd2 0-0 9. e4 dxe4 10. Ndxe4 Nxe4 11. Nxe4 Be7 12. Nc3 Qb6 13. Qe2 Bf6 14. Be3 Qa6 15. Rac1 Rad8 16. Rfd1 Rfe8 17. a3 h6 18. Rd2 Be7 19. Rcd1 Nf6 20. h3 Bf8 21. Qf1 Rd7 22. g4 Bg6 23. d5 cxd5 24. cxd5 e5 25. Qxa6 bxa6 26. Bf1 Red8 27. f3 a5 28. Bb5 Rb7 29. Bc6 Rb3 30. d6 a6 31. Kf2 h5 32. Na4 hxg4 33. hxg4 e4 34. Nc5 Rb6 35. Nb7 Rxc6 36. Nxd8 Rc8 37. Nb7 exf3 38. d7 Nxg4+ 39. Kg3 Rd8 40. Kxg4 1-0

[Event "Bangkok Cha Am op 18th"]
[Site "Bangkog"]
[Date "2018.04.17"]
[Round "5"]
[White "Chan, Jacob Joseph"]
[Black "Kim, Jinsoo"]
[Result "0-1"]
[WhiteElo "1737"]
[BlackElo "2014"]
[PlyCount "55"]
[EventDate "2018.04.13"]
[EventType "swiss"]
[EventRounds "9"]
[EventCountry "THA"]
[SourceTitle "CBM 184 Extra"]
[Source "ChessBase"]
[SourceDate "2018.06.28"]
[SourceVersion "1"]
[SourceVersionDate "2018.06.28"]
[SourceQuality "1"]

1. e4 c5 2. Nc3 e6 3. g3 d5 4. Bg2 dxe4 5. Nxe4 Be7 6. Qg4 f5 7. Qxg7 Qd4 8. Qxd4 cxd4 9. Ne2 Nc6 10. d3 fxe4 11. dxe4 Nf6 12. a3 e5 13. b4 Be6 14. h3 Rc8 15. Bb2 a5 16. b5 Na7 17. b6 Nb5 18. Kd2 Nd6 19. f3 0-0 20. Bxd4 exd4 21. Nxd4 Bd7 22. a4 Nfxe4+ 23. fxe4 Rf2+ 24. Ke3 Rxg2 25. Kf3 Rd2 26. Rad1 Rc3+ 27. Kf4 Rf2+ 28. Ke5 0-1

[Event "Bangkok Cha Am op 18th"]
[Site "Bangkog"]
[Date "2018.04.15"]
[Round "3"]
[White "Huang, Renjie"]
[Black "Kim, Jinsoo"]
[Result "1/2-1/2"]
[WhiteElo "2326"]
[BlackElo "2014"]
[PlyCount "102"]
[EventDate "2018.04.13"]
[EventType "swiss"]
[EventRounds "9"]
[EventCountry "THA"]
[SourceTitle "CBM 184 Extra"]
[Source "ChessBase"]
[SourceDate "2018.06.28"]
[SourceVersion "1"]
[SourceVersionDate "2018.06.28"]
[SourceQuality "1"]

1. e4 c5 2. Nf3 e6 3. d4 cxd4 4. Nxd4 a6 5. g3 d5 6. Nc3 dxe4 7. Nxe4 e5 8. Nb3 Qxd1+ 9. Kxd1 Nc6 10. Bg2 Bg4+ 11. f3 0-0-0+ 12. Bd2 Bf5 13. c3 Be7 14. Ke2 Nf6 15. Nxf6 Bxf6 16. Be3 h6 17. Rhd1 Rxd1 18. Rxd1 Rd8 19. Rxd8+ Nxd8 20. Nc5 Ne6 21. g4 Nxc5 22. gxf5 Na4 23. Bc1 Bg5 24. Kd1 Bxc1 25. Kxc1 f6 26. Kc2 Kc7 27. c4 Nc5 28. b4 Nd7 29. Kc3 b6 30. Kd3 Kd6 31. a3 a5 32. Ke3 axb4 33. axb4 Nb8 34. f4 Nd7 35. fxe5+ fxe5 36. Bf3 Nf6 37. Bd1 Ng8 38. Ke4 Nf6+ 39. Kd3 Kc6 40. Be2 Kd6 41. Bf3 Nd7 42. h3 Nf6 43. Bd1 Kc6 44. Kc2 Kc7 45. Bf3 Kd6 46. Kb3 Kc7 47. Ka4 Ne8 48. c5 bxc5 49. bxc5 Nf6 50. Kb3 Kd7 51. Kc4 Kc7 1/2-1/2

[Event "Pardubice Czech op-A 28th"]
[Site "Pardubice"]
[Date "2017.07.22"]
[Round "2"]
[White "Kim, Jinsoo"]
[Black "Friedland, Moshe"]
[Result "0-1"]
[WhiteElo "1921"]
[BlackElo "2289"]
[PlyCount "84"]
[EventDate "2017.07.21"]
[EventType "swiss"]
[EventRounds "9"]
[EventCountry "CZE"]
[SourceTitle "CBM 179 Extra"]
[Source "ChessBase"]
[SourceDate "2017.08.23"]
[SourceVersion "1"]
[SourceVersionDate "2017.08.23"]
[SourceQuality "1"]

1. e4 c5 2. Nf3 d6 3. d4 cxd4 4. Nxd4 Nf6 5. Nc3 a6 6. Bg5 Nbd7 7. Bc4 e6 8. 0-0 Qb6 9. Qd2 Be7 10. Bb3 h6 11. Bh4 Nc5 12. Rae1 0-0 13. Bg3 Rd8 14. Kh1 Bd7 15. f4 Bc6 16. Nxc6 Qxc6 17. Qe2 Nxb3 18. axb3 Rac8 19. e5 Nd5 20. Nxd5 Qxd5 21. c4 Qc5 22. f5 dxe5 23. Bxe5 f6 24. Bf4 e5 25. Be3 Qb4 26. Qh5 Bf8 27. Qg6 Qxb3 28. Bxh6 Qxc4 29. Rf3 Rd3 30. Be3 Qf7 31. Qg4 Rc4 32. Qh3 Qd5 33. Qg3 Rc2 34. Rf2 Rxe3 35. Qxe3 Bc5 36. Qf3 e4 37. Qh5 Rxf2 38. Qe8+ Bf8 39. Qa4 e3 40. Qg4 e2 41. Kg1 Rf1+ 42. Rxf1 Bc5+ 0-1